|
|
|
แสดงรายละเอียดบรรณานุกรม |
|
|
Brief Record
: Get Marc (ISO 2709)
: E-mail record
: |
|
|
| LEADER 00000nam 2200000uu 4500 | |||
| 001 53314 | |||
| 003 ULIBM | |||
| 008 210804s||||||||th 000 0 tha d | |||
| 020 ^a9786163017031 | |||
| 082 0 ^a940.53^bค - ส | |||
| 100 0 ^aโคชอร์เรก.กุนเทอร์.เค | |||
| 245 00 ^aสมรภูมิหิมะสีเลือด:^bBlood red snow/^cกุนเทอร์ เค โคชอร์เรก | |||
| 246 00 ^a Blood red snow | |||
| 260 ^aกรุงเทพฯ:^bยิปซี กรุ๊ป,^c2563 | |||
| 300 ^a328 หน้า325 บาท | |||
| 541 ^a325 บาท | |||
| 650 0 ^aสงครามโลก,^d ค.ศ.1939 - 1945 | |||
| 700 0 ^aวุฒิรักษ์ ประพลณะศักดิ์ | |||
| 999 ^ananthaya | |||
| คุณยังไม่ได้ล็อกอิน คุณสามารถมีกิจกรรมร่วมกับเว็บไซต์ได้ แต่ต้องล็อกอินก่อน :: |
|
| สถานะ | |||||||||
| 1. | หนังสือ | 940.53 ค - ส Barcode: 084267 | ►หนังสือทั่วไป | On Shelf ขอยืม | |||||
| [แสดง 1/1 รายการ] | |||||||||

BibComment |
| คอมเมนท์ทรัพยากรรายการนี้ |
|
|
ห้องสมุดโรงเรียนสามัคคีวิทยาคม
159 ถ.บรรพปราการ ต.เวียง อ.เมือง จ.เชียงราย 57000
โทร. 053-711018 โทรสาร 053-713003